000 00227 a2200097 4500
001 27435
100 _aMesquita, B B D
245 _aStrategy, Risk & personality in C Pol
260 _a
_bCambridge
_c1975
090 _c18229
_d18229
942 _aNUST-CAE
_cM
_c9146
999 _c262508
_d262508